Temas contables y financieros
Uloženo v:
| Hlavní autor: | |
|---|---|
| Médium: | Kniha |
| Jazyk: | španělština |
| Vydáno: |
Buenos Aires
Macchi
1973
|
| Témata: | |
| Tagy: |
Přidat tag
Žádné tagy, Buďte první, kdo vytvoří štítek k tomuto záznamu!
|
MARC
| LEADER | 00000nam a2200000 a 4500 | ||
|---|---|---|---|
| 001 | UCR9834 | ||
| 003 | CL-VaPUC | ||
| 008 | 980619e19730000AG |||||||||||||||||spa|d | ||
| 082 | 0 | 4 | |a 658.151 |b BER |2 21 |
| 100 | 0 | |a Bértora, Héctor Raúl |e author |9 412769 | |
| 245 | 1 | 0 | |a Temas contables y financieros |
| 300 | |a 146 p | ||
| 942 | |c BK | ||
| 945 | |d 19980619 00:00:00 |a cmena | ||
| 260 | |a Buenos Aires |b Macchi |c 1973 | ||
| 650 | 0 | |a Contabilidad |9 261430 | |
| 650 | 0 | |a Administración financiera |9 261146 | |
| 650 | 0 | |a Auditoría |9 307008 | |
| 650 | 0 | |a Capital |9 263726 | |
| 650 | 7 | |a PRESUPUESTO |2 CL-VaPUC |9 306206 | |
| 650 | 7 | |a GANANCIAS |2 CL-VaPUC |9 307105 | |
| 650 | 0 | |a Costos |9 261063 | |
| 650 | 0 | |a Contabilidad de costos |9 260564 | |
| 650 | 0 | |a Acciones |9 334173 | |
| 650 | 0 | |a Empresas |9 255569 | |
| 583 | |a last modification |c 19980619 00:00:00 |k Rodrigo Vera | ||
| 999 | |c 271010 |d 271008 | ||
| 952 | |0 0 |1 0 |4 0 |6 658_151000000000000_BER_1973 |7 0 |8 A |9 305494 |a BIBGIM |b BIBGIM |d 2019-11-20 |i 142209K |o 658.151 BER 1973 |p 142209K |r 2025-01-15 |w 2019-11-20 |y BK |k COM | ||